000
00366nam a2200169Ia 4500
003
0100
008
130303s9999 xx 000 0 und d
040
_c
ARRUPELIB
050
_a
R724.D441975
100
_a
Dedek, John F
245
_a
Contemporary Medical Ethics
260
_a
NY
260
_b
Sheed Ward Inc
260
_C
1975
300
_a
236p
942
0
0
_0
8
999
_c
29379
_d
29379